[Event "Jermuk FIDE GP"]
[Site "Jermuk"]
[Date "2009.08.15"]
[Round "6"]
[White "Alekseev, Evgeny V"]
[Black "Cheparinov, Ivan"]
[Result "1-0"]
[WhiteElo "2714"]
[BlackElo "2678"]
[Annotator "Kritz,L"]
[PlyCount "177"]
[EventDate "2009.08.09"]
[EventType "tourn"]
[EventRounds "13"]
[EventCountry "ARM"]
[EventCategory "19"]
[SourceTitle "CBM 132"]
[Source "ChessBase"]
[SourceDate "2009.09.16"]
[SourceVersion "1"]
[SourceVersionDate "2009.09.16"]
[SourceQuality "1"]

1. e4 c5 2. Nf3 d6 3. d4 cxd4 4. Nxd4 Nf6 5. Nc3 a6 {Die Najdorf-Variante ist
die Eröffnung mit der wohl größten Menge Theorie in der modernen Praxis.} 6.
Be2 {Die zwei wichtigsten Alternativen sind 6.Be3 und 6.Bg5} (6. Be3 e5 7. Nb3
Be6 8. f3 $132) (6. Bg5 e6 7. f4 Nbd7 8. Qf3 $132) 6... e6 {Die Partie geht in
die Scheveningen Variante über. Der "wahre Najdorf" entsteht nach 6....e5.} (
6... e5 7. Nb3 Be7 8. O-O O-O 9. Kh1 b6 10. Be3 Bb7 11. f3 $132 {Praktisch in
jedem Zug haben beide Seiten viele andere mögliche Fortsetzungen.}) 7. a4 $1 {
Ich denke, das ist die stärkste Fortsetzung. Man sollte Schwarz nicht zu b5
kommen lassen.} (7. O-O Be7 8. f4 O-O 9. Be3 Qc7 10. Kh1 Nc6 11. Qe1 Nxd4 12.
Bxd4 b5 13. a3 Bb7 14. Qg3 Rad8 15. Rae1 Rd7 16. Bd3 Re8 $132 {üblicherweise
hat Schwarz genügend Spiel, wenn er b5 gezogen hat.}) 7... Nc6 {Der größte
Nachteil des Zuges a4 ist die Schwächung des Feldes b4. Deswegen muss Schwarz
den Springer nach c6 entwickeln, und nicht nach d7.} (7... Be7 8. O-O O-O 9. f4
Nc6 {führt nur zu Zugumstellung.}) 8. O-O Be7 9. Be3 Qc7 10. f4 O-O 11. Kh1 {
Diese Stellung wurde schon Tausende Mal gespielt.} (11. Qe1 {bringt nicht viel.
} Nxd4 12. Bxd4 e5 13. Be3 exf4 14. Bxf4 Be6 15. Qg3 Nd7 16. Bh6 Qc5+ 17. Kh1
Qe5 $11 {und Schwarz glich aus in Sutovsky - Shipov (Isle of Man, 1999)}) 11...
Re8 {Mit Abstand der Hauptzug, aber Schwarz hat auch alternative Wege.} (11...
Bd7 12. Nb3 b6 13. Bf3 Rab8 14. g4 Bc8 $6 {Der Plan mit dem Läuferrückzug nach
b7 scheint Zeitverlust zu sein.} 15. g5 Nd7 16. Bg2 Re8 17. Qd2 Bf8 18. Rad1
$36 {Wang Hao - Kobalia (Dagomys, 2008)}) (11... Nxd4 $5 12. Qxd4 Nd7 13. Bf3
b6 14. e5 $6 {Zu direkt. Schwarz kommt zu gutem Spiel gegen den Bauern e5.}
dxe5 15. fxe5 Bc5 $1 16. Qf4 Rb8 17. Rae1 Bb7 $132 {Anand - Polgar (Rishon Le
Zion, 2006)}) 12. Bf3 (12. Bd3 {Der Läufer auf d3 wird schnell abgetauscht.}
Nb4 $1 {Nun kann sich Schwarz aussuchen, wann er auf d3 nehmen will.} 13. a5
Bd7 14. Nf3 Bc6 15. Qe2 Nd7 16. Bd4 e5 $1 $132 {Anand - Van Wely (Nice, 2008)})
12... Na5 {Wiederum hat Schwarz mehrere Möglichkeiten.} (12... Rb8 13. Qd2 Bd7
14. Nb3 b6 15. g4 Bc8 $6 {Das sieht sehr künstlich aus. 13....Bd7 und 15....
Bc8 ist bestimmt nicht das Beste, was man machen kann.} 16. g5 Nd7 17. Qf2 Bb7
18. Bg2 $36 {Anand - Ivanchuk (Morelia/Linares 2008)}) (12... Bf8 13. Qd2 Rb8
14. Qf2 e5 $5 {Ein typischer Vorstoß für diese Stellung. Doch Weiß hat eine
gute Reaktion im Sinn.} 15. fxe5 dxe5 16. Nb3 $1 Nb4 17. Ba7 $1 Ra8 18. Bb6 {
Weiß bringt Disharmonie in die schwarze Stellung.} Qe7 19. Rad1 $14 {Carlsen -
Grischuk (Linares, 2009)}) (12... Bd7 13. Nb3 b6 14. g4 Bc8 $6 {Mir gefällt
dieses Manöver grundsätzlich nicht, Weiß hat einfach zu viel Zeit, um sein
Spiel zu starten.} 15. Bg2 Bb7 16. g5 Nd7 17. Rf3 Bf8 18. Rh3 $40 {Jakovenko -
Van Wely (Foros, 2008)}) 13. g4 Nd7 {Manchmal es ist besser, den Springer
wegzuziehen, bevor er angegriffen ist.} 14. g5 (14. Bg2 $5 Bf8 15. Qe1 b6 16.
Rd1 Bb7 17. Qh4 Nc6 18. Nde2 Nb4 19. Rd2 Qd8 20. g5 f6 21. Nd4 fxg5 22. fxg5
$14 {Anand - Topalov (Dortmund, 1996)}) 14... Bf8 15. Bg2 b6 16. Qe1 (16. Rf3 {
ist ein noch direkterer Versuch, auf Angriff zu spielen.} Bb7 17. Rh3 g6 18.
Qg4 Bg7 19. Bg1 $6 (19. Qh4 Nf8 20. Bg1 $132) 19... f5 20. exf5 gxf5 21. Qe2
Nf8 $15 {und Schwarz stand besser in Fedorchuk - Kempinski (Godesberg, 2008)})
16... Nc4 {Ein neuer Zug. Ich denke, dass 16....Bb7 doch mehr Sinn macht.} (
16... Bb7 $5 17. Rd1 g6 18. Nde2 Bg7 19. Qh4 Nc4 20. Bc1 Qc5 21. Rd3 b5 $132 {
und Schwarz hatte sehr gutes Gegenspiel in Polzin - Kempinski (Hamburg, 2005)})
17. Bc1 Qc5 18. Qf2 Bb7 19. b3 Na5 20. Nde2 {Üblicherweise gilt das Endspiel
als gut für Schwarz.} (20. Nce2 $5 e5 21. fxe5 Nxe5 (21... dxe5 $2 22. Ba3 Qc8
23. Qxf7+ Kh8 24. Nf5 $18) 22. Ba3 Qc7 23. Nf4 g6 24. Nd5 Bxd5 25. exd5 $14 {
Schwarz hat große Probleme mit dem Springer a5 und dem Feld c6.}) 20... Qxf2
21. Rxf2 d5 (21... Rac8 $5 {Ich glaube, es ist eher Schwarz, der hier um
Vorteil spielen kann. Weiß hat einfach keine Schwäche zum Angreifen.} 22. Ba3
Rc7 23. Rd1 Rec8 $36) 22. Be3 (22. exd5 $6 Bc5 23. Rf1 exd5 $15 {Weiß hat
überall nur Schwächen.}) 22... Nc5 (22... dxe4 $5 {Schwarz riskiert auch hier
nichts.} 23. Nxe4 Red8 24. Nd4 Rac8 $132 {Alle schwarzen Figuren stehen aktiv.
Der Springer a5 kann jeder Zeit ins Spiel gebracht werden.}) 23. Rd1 (23. exd5
exd5 24. Bd4 Nc6 $1 25. Bxd5 (25. Nxd5 $4 Nxd4 26. Nxd4 Ne4 $19) 25... Rad8 $1
26. Bxc6 Bxc6+ 27. Kg1 Rd7 $44 {/\Red8}) 23... Rad8 24. Ng3 Nc6 ({Sicherer
waere} 24... dxe4 25. Rfd2 Rxd2 26. Rxd2 Rc8 27. Ncxe4 Nxe4 28. Bxe4 Bb4 29.
Bxb7 Bxd2 (29... Nxb7 30. Rd7 $16) 30. Bxc8 Bxe3 31. Ne2 Nc6 32. Bxa6 Nd4 33.
Nxd4 Bxd4 $11 {Das Endspiel ist Remis.}) 25. Rfd2 {Weiß hat es geschafft,
seine Figuren ordentlich zu platzieren.} Nb4 26. exd5 exd5 (26... Nxd5 27. Nxd5
Bxd5 28. Kg1 $1 $16) 27. Bf2 $1 $14 {Nun hat Schwarz einen isolierten Bauern,
den er nicht nach vorne bringen kann.} Bd6 $2 {Das führt zu großen Problemen.}
(27... g6 $1 28. Kg1 Rd7 29. Nxd5 Nxd5 30. Bxd5 Red8 31. c4 b5 32. axb5 axb5
$14 {Schwarz steht schlechter, kann sich aber eventuell noch retten.}) 28. Nce2
Bc7 29. a5 $1 {Weiß verschlechtert die schwarze Bauernstruktur. Dazu hat
Schwarz keine guten Verteidigung gegen die Idee ab-c3 xd5.} Ne4 ({Auch} 29...
g6 {führt zu einer schlechten Stellung.} 30. axb6 Bxb6 31. c3 Nc6 32. Rxd5 Rxd5
33. Rxd5 Na5 34. Rd6 Bxg2+ 35. Kxg2 Bc7 36. Bxc5 Bxd6 37. Bxd6 Nxb3 $16) 30.
Nxe4 dxe4 31. axb6 Rxd2 (31... e3 $4 32. Bxe3 Bxg2+ 33. Kxg2 Rxd2 34. Rxd2 $18)
32. Rxd2 Bb8 (32... e3 $2 33. Bxe3 $18) 33. c4 {Weiß will den Bauern e4
mittels Be3 blockieren, dafür nimmt er das Feld d5 unter Kontrolle.} h6 34. Be3
hxg5 35. fxg5 Nd3 36. Nc3 {Es droht das Nehmen auf e4, weil der Springer d3
dann ungedeckt bleibt.} Nf4 37. Kg1 (37. Na4 $1 {führt noch schneller zum Ziel.
Gegeg Nc5 hat Schwarz keine ausreichende Verteidigung.} Nd3 {Der einzige Zug.}
38. Kg1 $18 {Weiß verbessert langsam seine Stellung.}) 37... f5 38. gxf6 gxf6
39. Bf1 Be5 40. Na4 Bc6 41. Nc5 Kf7 42. Nxa6 f5 {Es sieht so aus, als ob
Schwarz Kompensation hätte, aber in Wirklichkeit sind die weißen Bauern am
Damenflügel viel zu weit vorne.} 43. Nb4 Ba8 44. Ra2 Ne6 45. Ra7+ Kg6 46. b7
Bxb7 47. Rxb7 $18 {Der Rest ist Sache der Technik. Falls Weiß sich bedroht
fühlen sollte, kann er immer eine Figur für die schwarzen Bauern opfern und
immer noch auf Gewinn stehen.} f4 48. Ba7 (48. Nc6 $1 {wäre stärker, um das
Feld d4 zu kontrollieren.} Bf6 49. Ba7 $18) 48... Nd4 49. Nd5 Nf3+ 50. Kg2 Rh8
51. h3 Nd2 52. Re7 (52. Ne7+ $1 Kf6 53. Nc6 f3+ 54. Kf2 Nxf1 55. Kxf1 Rxh3 56.
Nxe5 Kxe5 57. Re7+ Kf4 58. Bg1 $18) 52... Kf5 53. Rf7+ Ke6 54. Rxf4 {Eine
sichere Lösung des Problems. Weiß spielt absolut risikofrei.} Bxf4 55. Nxf4+
Kf5 56. Be3 Nxb3 57. Be2 Rg8+ 58. Kf2 Ke5 59. h4 Nd4 60. h5 Nf5 61. Ng6+ Kf6
62. Bg4 Ra8 63. Bxf5 Kxf5 64. Kg3 Ra3 65. Nh4+ Ke5 66. Ng2 Kf5 67. c5 Rc3 68.
h6 Kg6 69. Kg4 Rxc5 70. Bxc5 Kxh6 71. Kf5 Kg7 72. Nf4 Kf7 73. Kxe4 Ke8 74. Kd5
Kd7 75. Ne6 Kc8 76. Kc6 Kb8 77. Nc7 Kc8 78. Ba7 Kd8 79. Nd5 Kc8 80. Ne7+ Kd8
81. Kd6 Ke8 82. Ke6 Kd8 83. Bb6+ Ke8 84. Nf5 Kf8 85. Ba5 Ke8 86. Nd6+ Kf8 87.
Kf6 Kg8 88. Kg6 Kf8 89. Bd8 1-0

[Event "St Petersburg-ch"]
[Site "St Petersburg"]
[Date "1998.04.11"]
[Round "5"]
[White "Yemelin, Vasily"]
[Black "Kochyev, Alexander"]
[Result "1-0"]
[WhiteElo "2485"]
[BlackElo "2430"]
[Annotator "Lukacs,P"]
[PlyCount "81"]
[EventDate "1998.04.07"]
[EventType "tourn"]
[EventRounds "13"]
[EventCountry "RUS"]
[EventCategory "10"]
[SourceTitle "CBM 065"]
[Source "ChessBase"]
[SourceDate "1998.08.06"]
[SourceVersion "1"]
[SourceVersionDate "1998.08.06"]
[SourceQuality "1"]

1. e4 c5 2. Nf3 e6 3. d4 cxd4 4. Nxd4 Nc6 5. Nc3 d6 6. Be2 Nf6 7. O-O Be7 8.
Be3 O-O 9. f4 Bd7 10. Kh1 (10. Nb3 {avoids the exchange manoeuvre of Nxd4 and
Bc6.}) 10... a6 (10... Nxd4 $5) 11. a4 Rc8 (11... Nxd4 $142 12. Qxd4 (12. Bxd4
Bc6 13. Bd3 Nd7 {This is the typical defensive move planning e6-e5.} 14. Qh5 $5
(14. a5 Bf6 $11) (14. Qe2 Qc7 15. Nd5 Bxd5 16. exd5 e5 17. Bf5 Bf6 $1 $11 {
Kasparov}) 14... Bf6 15. Bxf6 Nxf6 16. Qh3 h6 17. Rae1 Nd7 18. Re3 Nc5 $13 {
Rogic-Hulak, Zagreb zt. 1993}) 12... Bc6 13. Bf3 Nd7 14. a5 (14. Qd3 Qc7 15. a5
Rac8 16. Rf2 Rfd8 17. Rd2 h6 $1 (17... g6 $6 18. Qf1 Bf6 19. Ra3 Bxc3 $6 20.
Rxc3 Qxa5 21. Rxd6 Nf6 22. Rd4 $1 e5 23. Rc5 $1 $18 {Ljubojevic-Hulak,
Indonesia 1983})) (14. Rad1 Qc7 15. Nd5 exd5 16. exd5 Bxa4 17. Qxa4 Bf6 18. c3
b5 19. Qc2 Rfc8 20. Bf2 Qc4 $1 $11 {Vogt-K Grigorian, Baku 1980}) 14... e5 15.
Qd2 exf4 16. Bxf4 Ne5 17. Nd5 Bxd5 18. Qxd5 Qc7 19. c3 Bf6 20. Be2 Rac8 21.
Rfd1 Rfd8 22. Ra4 Qe7 $11 {Rogic-Ftacnik, Vinkovci 1995 When Black can put his
N on e5, he can hold this type of position, the ^^ has no real threats now.})
12. Qd2 (12. Nb3 {is the logical continuation to avoid the immediate exchanges.
} Na5 {Black wants to exchange his N anyway.} 13. e5 (13. Nd2 {-
Oll-Zviagintsev, EU-chTm Pula 1997 EXP 57}) (13. Nxa5 Qxa5 14. Qd2 Rxc3 $5 {
This is the tyxpical Sicilian exchange sacrifice in order to win the e4P, and
corrupt White's << P formation.} 15. Qxc3 Qxc3 16. bxc3 Nxe4 17. Bf3 Bc6 18. a5
f5 19. Bd4 Kf7 $44 {Rohl-Blanco Fernandez, Capablanca Premier-A 1997}) 13...
Ne8 {This is not a nice retreat, however.} 14. Nxa5 Qxa5 15. Ne4 (15. Bd3 f5 $1
) (15. Qd4 Bc6 16. Qb6 Qxb6 17. Bxb6 g5 $1 18. Be3 gxf4 19. Bxf4 dxe5 20. Bxe5
f6 21. Bg4 Ng7 22. Bf4 f5 23. Bf3 Bf6 $17 {Vehi Bach-Zviagintsev, Barbera op.
1996}) 15... Qc7 16. a5 Bc6 17. Bb6 {(Zakharov-L.Sevelev, SU 1979)} Qd7 18. Bf3
$14 {Kasparov}) 12... Nxd4 13. Bxd4 Bc6 14. Qe3 $1 (14. Bf3 Nd7 15. a5 e5 $11)
14... Nd7 15. Rfd1 Qc7 16. a5 Bf6 $2 (16... e5 {is the standard reply here.}
17. Ba7 exf4 18. Qxf4 Ne5) 17. Bxf6 Nxf6 18. Bf3 {Now the weakness of Pd6
begins to tell.} Rfd8 $6 (18... Rcd8 $142 19. h3 h6 20. Rd2 Rfe8) 19. h3 h6 20.
Rd2 Rd7 21. Ne2 $1 $16 {/\ c4} e5 (21... Rdd8 22. Nd4 Be8 23. Rd3 {/\ b3,c4})
22. c4 $1 exf4 23. Qxf4 Re8 24. Nc3 Re5 (24... Rde7 25. Rd4 {/\ b4,Rad1}) 25.
b4 Rde7 26. Rd4 R7e6 27. Rad1 g5 (27... Qe7 $4 28. Nd5 $1 $18) (27... b6 28.
axb6 Qxb6 29. Rxd6 Qxb4 30. Rxe6 $1 (30. Rxc6 Qxc3 31. Rd8+ Re8) 30... Rxe6 31.
Nd5 Qb2 (31... Qb7 32. e5 $1 $18) 32. e5 $1 Bxd5 33. cxd5 Rxe5 34. d6 $18) (
27... Kh8 28. Kh2 {/\ Rd6!} Ne8 29. Nd5 Bxd5 30. exd5 Rf6 (30... Re7 31. c5 $1
dxc5 32. d6) 31. Qc1 $16 {/\ c5}) 28. Qg3 h5 $6 (28... Bxe4 29. Bxe4 Nxe4 30.
Nxe4 Rxe4 31. c5 Rxd4 32. Rxd4 Qc6 33. Rxd6 (33. cxd6 $6 Qc1+ 34. Kh2 Re1)
33... Rxd6 34. cxd6 Qd5 {was more persistant}) 29. Nd5 $1 Bxd5 (29... Qb8 30.
Nxf6+ Rxf6 31. c5 $1 $18) 30. exd5 Re8 31. c5 $1 {White creates a strong
central o^ on expense of a P.} dxc5 (31... h4 32. Qf2) 32. d6 Qd7 33. bxc5 Rxc5
34. Rb4 h4 35. Qf2 Rb5 $2 (35... Rf5 36. Qd2) 36. Rxb5 axb5 37. Bxb7 $1 $18 Ne4
38. Bxe4 Rxe4 39. a6 Ra4 40. a7 Kg7 (40... Rxa7 41. Qxa7 $1 $18) 41. Qc5 1-0

[Event "Politiken zt"]
[Site "Munkebo"]
[Date "1998.09.19"]
[Round "4.2"]
[White "Stefansson, Hannes"]
[Black "Akesson, Ralf"]
[Result "1-0"]
[WhiteElo "2535"]
[BlackElo "2510"]
[Annotator "Lukacs,P"]
[PlyCount "49"]
[EventDate "1998.09.10"]
[EventType "k.o."]
[EventRounds "5"]
[EventCountry "DEN"]
[SourceTitle "CBM 067"]
[Source "ChessBase"]
[SourceDate "1998.11.30"]
[SourceVersion "2"]
[SourceVersionDate "1998.11.01"]
[SourceQuality "1"]

1. e4 c5 2. Nf3 e6 3. d4 cxd4 4. Nxd4 Nf6 5. Nc3 d6 6. f4 a6 7. Be2 Be7 8. a4
O-O 9. O-O Nc6 10. Be3 Qc7 11. Kh1 Nxd4 (11... Re8 {is supposed to be the main
line these days.}) 12. Qxd4 {Now the Q comes into the [+] with a tempo.} Bd7 ({
More to the pont is to chase away the Q from the [+] immediately:} 12... e5 13.
Qd3 exf4 14. Bxf4 Be6 15. Rfd1 $14 {with a pressure on >< d6 not allowing
Black the equalizing manoeuvre Nd7-e5.}) 13. e5 $1 Ne8 {This is certainly a
sad retreat. The N is rather passive here.} 14. Ne4 Bc6 (14... d5 15. Nc5 Rc8 (
15... Bc6 16. a5 $16 {with a huge space advantage.}) 16. Nxd7 Qxd7 17. c4 Bc5 (
17... Nc7 18. c5 $14) 18. Qxc5 Rxc5 19. Bxc5 $14 {and two rooks are a bit
better than the Q.}) 15. Bd3 Rd8 (15... f5 {is the main defensive method for
Black in these types of positions.} 16. exf6 Bxf6 (16... Nxf6 17. Ng5 Qd7 18.
f5 e5 19. Qh4 d5 20. Ne6 Rf7 21. c3 $16) 17. Nxf6+ Nxf6 18. c4 e5 19. Qb6 $14 {
with a ^^ and somewhat better P structure.}) 16. Qc3 Bxe4 $6 {Giving up the
strong B is not necessary, since there was no real threat on the >>.} (16... f5
$142 {was still possible:} 17. exf6 Bxf6 (17... Nxf6 18. Ng5) 18. Nxf6+ Nxf6
19. Bd4 $14) (16... d5 17. Ng5 Bxg5 18. fxg5 $16 {/\ Bc5}) 17. Bxe4 Qxc3 $2 {
Surprisingly enough corrupting White's P structure helps only for... White,
because of the possible penetration on the b <->.} (17... d5 18. Bd3 Rc8 19.
Qe1 $14) 18. bxc3 d5 19. Bd3 f5 $2 {This loses outright.} (19... Rc8 20. Rfb1
$16) 20. Rab1 $18 Rd7 21. Rb6 {Now e6 P falls.} Bd8 (21... Kf7 22. Bxf5 $1) 22.
Rxe6 g6 23. Bc5 Ng7 24. Rd6 Rff7 25. e6 1-0

[Event "RUS-ch51"]
[Site "St Petersburg"]
[Date "1998.08.04"]
[Round "8"]
[White "Dolmatov, Sergey"]
[Black "Shipov, Sergei"]
[Result "1/2-1/2"]
[WhiteElo "2575"]
[BlackElo "2635"]
[Annotator "Lukacs,P"]
[PlyCount "56"]
[EventDate "1998.07.28"]
[EventType "swiss"]
[EventRounds "11"]
[EventCountry "RUS"]
[SourceTitle "CBM 067"]
[Source "ChessBase"]
[SourceDate "1998.11.30"]
[SourceVersion "2"]
[SourceVersionDate "1998.11.01"]
[SourceQuality "1"]

1. e4 c5 2. Nf3 d6 3. d4 cxd4 4. Nxd4 Nf6 5. Nc3 a6 6. Be2 e6 7. a4 Be7 8. Be3
Nc6 9. O-O O-O 10. f4 Qc7 11. Kh1 Re8 12. Bf3 Bf8 {This tricky move prepares
against g2-g4.} 13. Nb3 $1 {Since a4-a5 is a real positional threat to gain
space on the \<< as well, Black's reply is forced.} b6 {Now the long /^ is
opened and it is time for a typical breakthrough in the centre.} 14. e5 $1 dxe5
(14... Nd7 $6 {tries to avoid the opening of the f <-> and the /^ c1-h6, but
runs into some other motifs.} 15. exd6 Bxd6 16. Nd4 $1 {The N comes back with
a great effect.} Nxd4 17. Bxa8 Nf5 18. Qf3 $16 {and Black has no real
compensation for the exchange.}) 15. fxe5 Nd7 {Black wants to keep the
position as closed as possible not giving extra squares for the enemy's pieces.
} (15... Nd5 $6 16. Bxd5 exd5 17. Nxd5 Qxe5 18. Bf4 Qxb2 19. Rb1 $16) 16. Bxc6
{White gives up the ^^ for a quick -> on the >>.} Qxc6 17. Nd4 Qb7 18. Qh5 (18.
Rxf7 $2 {falls into the trap because of} Kxf7 19. Qh5+ Kg8 $1 ({and certainly
not} 19... g6 $2 20. Qxh7+ Bg7 21. Rf1+ $18) ({or} 19... Ke7 $2 20. Bg5+ Nf6
21. exf6+ gxf6 22. Bxf6+ $16) 20. Qxe8 Nxe5 21. Qh5 (21. Rf1 $2 Qxg2+ 22. Kxg2
Bb7+) (21. Nxe6 Bd7 22. Qh5 Nc4 23. Ng5 (23. Nxf8 Nxe3) 23... Bf5 24. Bd4 Bc5)
21... Nc4 {with a fine game for Black.}) 18... g6 19. Qh4 (19. Qg5 Bg7 20. Nf3
Qc7) 19... Nxe5 20. Ne4 {White's -> against the weakened dark squares seems to
be effective!} (20. Rf6 Bg7 21. Ne4 Qd5) 20... Be7 {[#]} 21. Qf4 (21. Bg5 {
is parried after} f5 22. Bxe7 (22. Nf6+ Bxf6 23. Bxf6 Ng4) 22... Qxe7 23. Nf6+
Kh8) (21. Nf6+ {is not dangerous because of} Bxf6 22. Rxf6 Qd5) ({but} 21. Ng5
$1 {looks very dangerous for Black indeed.} Bxg5 (21... h5 22. Qg3 {/\ Nxf7!})
22. Bxg5 f5 (22... Qd5 23. c4 $1 Qxc4 (23... Nxc4 24. Rxf7 $1) 24. Rf4 Bb7 25.
Bf6 $18) 23. Rae1 Nf7 (23... Qd5 24. c4 (24. Bf6 Bb7 (24... Ng4 25. Rxf5 $1 (
25. Nxf5 Bb7 26. Qxg4 exf5))) 24... Nxc4 25. Nxf5 gxf5 26. Bh6 $1 (26. Bf6 Kf7
$1) 26... Ra7 27. Qg5+ Kh8 28. Qf6+ Kg8 29. Rf3 $18) 24. Bf6 Bd7 25. Rf3 $40)
21... f5 {Now Black can hold his position without any trouble.} 22. Qxe5 Qxe4
23. Qxe4 fxe4 24. Nc6 Bc5 25. Bxc5 bxc5 26. Ne5 Rd8 27. Kg1 Bb7 28. Nc4 a5 $11
1/2-1/2

[Event "RUS-Cup06"]
[Site "Nizhnij Novgorod"]
[Date "1998.07.03"]
[Round "5"]
[White "Shchekachev, Andrei"]
[Black "Novgorodskij, Vladimir"]
[Result "1/2-1/2"]
[WhiteElo "2565"]
[BlackElo "2420"]
[Annotator "Lukacs,P"]
[PlyCount "93"]
[EventDate "1998.06.29"]
[EventType "swiss"]
[EventRounds "9"]
[EventCountry "RUS"]
[SourceTitle "EXT 2000"]
[Source "ChessBase"]
[SourceDate "1999.11.16"]
[SourceVersion "1"]
[SourceVersionDate "1999.11.16"]
[SourceQuality "1"]

1. e4 c5 2. Nf3 d6 3. d4 cxd4 4. Nxd4 Nf6 5. Nc3 a6 6. Be2 e6 7. O-O Be7 8. f4
Qc7 9. Kh1 O-O 10. a4 Nc6 11. Be3 Re8 12. Bf3 Na5 {This is a relatively
little-explored side line, but not without venom.} (12... Bd7 {is the main
continuation these days, but other tries are also possible.}) 13. g4 {This is
the agressive way to keep the |^ on the >>.} Nd7 (13... e5 $6 {is inferior on
account of} 14. Nf5 Bxf5 15. exf5 e4 16. Be2 $1 $16 {/\ g5} (16. g5 exf3 17.
gxf6 Bxf6 18. Nd5 Qc6 $13 {led to unnecessary complications in Sampson-J.
Nicholson, BCF-ch 1987.})) (13... Bf8 14. g5 Nd7 {- 13...Nd7 14.g5 Bf8}) (13...
Nc4 14. Bc1 e5 {is again dubious because of} 15. Nf5 exf4 (15... Bxf5 16. exf5
$16) 16. g5 $16) 14. g5 (14. Bg2 {See Anand-Topalov, CBM 54}) 14... Bf8 15. Bg2
(15. Nde2 b6 16. h4 {This push is not so dangerous in these types of positions.
White usually attacks on the h <->, but with Qh5 Rf3-h3.} Bb7 17. h5 Rac8 18.
Bg1 Nc6 19. Rf2 Nc5 $13 {Van der Wiel-De Boer, Holland 1993}) 15... g6 (15...
b6 16. Qh5) 16. Qe1 (16. Bg1 {goes away from the threatening Nc4 clearing the
way for the heavy pieces to d3.} b6 17. Qd3 Bb7 18. Qh3 Nc6 19. f5 Nde5 20.
fxe6 Nxd4 21. exf7+ Nxf7 22. Bxd4 Nxg5 {Black can get back the P, but the
weaknesses remain.} 23. Qe3 Bh6 24. Rad1 $16 {Morawietz-Dokhoian, Porz op 1991}
) 16... Rb8 $6 (16... Nc4 {was the logical reply.} 17. Bc1 Bg7 18. Nde2 b6 ({or
} 18... Rb8 19. b3 Na5 {/\ b5}) 19. b3 Na5 20. Ba3 (20. Bb2 Bb7) 20... Bb7 21.
Rd1 Nc5 $13) 17. Rd1 {now Nc4 is always met by the simple Bc1 and White's R is
active on the d <->.} b6 18. Bg1 (18. Qh4 {was the direct ->, for example:} Bb7
19. Rf3 Bg7 20. Rh3 Nf8 21. f5 exf5 22. exf5 Bxg2+ 23. Kxg2 Qb7+ 24. Kg1 Nc4
$132) 18... Bb7 19. Rd3 $1 {activating the R on the third rank.} Bg7 20. Qh4
Nc6 {[#]} 21. Ndb5 $4 {It is hard to understand, what was the main idea of
this sacrifice. Black consolidates his position soon, and his material
advantage is decisive.} (21. Nde2 $1 {Meanwhile this quiet retreat poses many
problems for Black, for example:} Nb4 22. Rh3 Nf8 23. f5 exf5 (23... Be5 24. f6
h5 25. Bf3 $1 {/\ Bxh5 and mate is inevitable.}) (23... Nxc2 24. f6 Bh8 25. Qf2
$44 {with a dead B on h8 forever.}) 24. exf5 Bxg2+ 25. Kxg2 Qc6+ 26. Rff3 Nxc2
27. f6 Bh8 28. Bf2 {/\ Nf4 and the B on h8 cannot come out.}) 21... axb5 $19
22. Nxb5 Qd8 23. Nxd6 Ba6 24. Nb5 h6 {The position is winning, but Black has
lost his sense of danger later and let White slip.} (24... Qe7 25. e5 Nb4 {
was also enough.}) 25. Qe1 hxg5 (25... Re7 26. e5 Na5 27. Qd2 Bxb5 28. axb5 Qc7
{wins, too.}) 26. Qd2 Re7 27. e5 Na5 (27... Qc8 28. Nd6 Qc7) 28. Rd1 gxf4 (
28... Rb7 $5) 29. Qxf4 (29. Rxd7 Rxd7 30. Qxd7 Qxd7 31. Rxd7 Bxe5) 29... Bxb5
30. axb5 Qc7 31. Qh4 Nxe5 32. Rc3 Nec4 ({Why not} 32... Qa7) 33. Rd4 $1 Rc8 (
33... Bxd4 34. Bxd4 f6 (34... e5 $2 35. Rh3) 35. Qxf6) (33... Rd7 $1 {was the
last chance to win the game in a clear-cut way. Now White gets a good
compensation!}) 34. b4 Rd7 35. bxa5 Rxd4 36. Bxd4 Bxd4 37. Qxd4 bxa5 38. Kg1 a4
39. Bf1 e5 40. Qe4 Qb6+ 41. Kh1 Nd6 42. Rxc8+ Nxc8 43. Qa8 Qc5 44. b6 Kg7 45.
b7 Qd5+ 46. Kg1 Qd4+ 47. Kg2 1/2-1/2